Aktionsorientierte Datenverarbeitung im Fertigungsbereich

Saved in:
Bibliographic Details
Main Author: Hofmann, Jürgen
Format: Book
Language:German
Published: Berlin Springer 1988
Edition:1. Aufl.
Tags: Add Tag
No Tags, Be the first to tag this record!

MARC

LEADER 00000nam a2200000 4500
001 c025343
005 20221219110723.0
041 0 |a ger 
044 |a DE 
245 1 0 |a Aktionsorientierte Datenverarbeitung im Fertigungsbereich  |c Jürgen Hofmann 
250 |a 1. Aufl. 
264 1 |a Berlin  |b Springer  |c 1988 
300 |a 111 s. 
100 1 |a Hofmann, Jürgen